| Поле | Инд. | ПП | Название | Значение |
|---|---|---|---|---|
| Тип записи | a | |||
| Библиографический уровень | m | |||
| 001 | Контрольный номер | RU/IS/BASE/232207204 | ||
| 005 | Дата корректировки | 20250417170005.9 | ||
| 084 | a | Индекс другой классификации/Индекс ББК | 26.314я73; 26.304я73; 26.304.2я73; 26.303я73 | |
| 090 | a | Полочн. индекс | 26.314я73 испр. | |
| x | Авторский знак | П 31 | ||
| 100 | 1_ | a | Автор | Маракушев А. А. |
| 100 | 1_ | a | Автор | Фролова Т. И. |
| 100 | 1_ | a | Автор | Коржинский Д. С. |
| 100 | 1_ | a | Автор | Жариков В. А. |
| 100 | 1_ | a | Автор | Перчук Л. Л. |
| 100 | 1_ | a | Автор | Штейнберг Д. С. |
| 100 | 1_ | a | Автор | Фельдман В. И. |
| 100 | 1_ | a | Автор | Ракчеев А. Д. |
| 100 | 1_ | a | Автор | Емельяненко П. Ф. |
| 245 | a | Заглавие | Петрография | |
| b | Продолж. заглавия | учебник для студентов геологических специальностей вузов | ||
| n | Номер части/ раздела | Ч.1 | ||
| c | Ответственность | под редакцией Н. В. Баринова | ||
| 260 | a | Место издания | Москва | |
| b | Издательство | Издательство Московского университета | ||
| c | Дата издания | 1976 | ||
| 300 | a | Объем | 384 с. | |
| b | Иллюстрации/ тип воспроизводства | ил. | ||
| 336 | a | Термин вида содержания | Текст | |
| 337 | a | Термин типа средства | непосредственный | |
| 504 | a | Библиография | Лит.: с. 381 | |
| 521 | a | Примеч. о целев. назн. | студенты | |
| 650 | a | Основная рубрика | геология | |
| a | Основная рубрика | науки о Земле | ||
| a | Основная рубрика | петрология (петрография) | ||
| 653 | a | Ключевые слова | базальты | |
| a | Ключевые слова | вулканические породы | ||
| a | Ключевые слова | горные породы | ||
| a | Ключевые слова | граниты | ||
| a | Ключевые слова | интрузивные породы | ||
| a | Ключевые слова | классификации | ||
| a | Ключевые слова | конденсированные системы | ||
| a | Ключевые слова | кристаллизация | ||
| a | Ключевые слова | магматизм | ||
| a | Ключевые слова | магматические расплавы | ||
| a | Ключевые слова | магматические тела | ||
| a | Ключевые слова | магматическое замещение | ||
| a | Ключевые слова | магмы | ||
| a | Ключевые слова | магнитные свойства | ||
| a | Ключевые слова | минералогия | ||
| a | Ключевые слова | минеральные фации | ||
| a | Ключевые слова | морфология | ||
| a | Ключевые слова | петрохимические расчеты | ||
| a | Ключевые слова | плавление | ||
| a | Ключевые слова | плотность | ||
| a | Ключевые слова | пористость | ||
| a | Ключевые слова | свойства | ||
| a | Ключевые слова | систематика | ||
| a | Ключевые слова | строение | ||
| a | Ключевые слова | структуры | ||
| a | Ключевые слова | текстуры | ||
| a | Ключевые слова | термодинамика | ||
| a | Ключевые слова | трансмагматические флюиды | ||
| a | Ключевые слова | удельный вес | ||
| a | Ключевые слова | физико-химические свойства | ||
| a | Ключевые слова | физические свойства | ||
| a | Ключевые слова | формации | ||
| a | Ключевые слова | химический состав | ||
| a | Ключевые слова | щелочно-земельные породы | ||
| a | Ключевые слова | щелочные породы | ||
| a | Ключевые слова | электрические свойства | ||
| 655 | a | Жанр/ форма (устаревшее) | учебное пособие | |
| 700 | a | Автор | Баринов Н. В. | |
| e | Роль лиц | редактор | ||
| 901 | t | Тип документа | m | |
| 952 | a | Тип литературы для КСУ ВШ | УИ | |
| 954 | a | Гриф | 1.8.1 |